[Event "Sao Paulo Carnaval op"]
[Site "Sao Paulo"]
[Date "2020.02.24"]
[Round "5"]
[White "Ribeiro, Vinicius Augusto"]
[Black "Da Silva, Lucas Pereira Mende"]
[Result "0-1"]
[WhiteElo "1800"]
[BlackElo "1746"]
[PlyCount "70"]
[EventDate "2020.02.22"]
[EventType "swiss"]
[EventRounds "7"]
[EventCountry "BRA"]
[SourceTitle "CBM 195 Extra"]
[Source "ChessBase"]
[SourceDate "2020.05.31"]
[SourceVersion "1"]
[SourceVersionDate "2020.05.31"]
[SourceQuality "1"]

1. c4 e5 2. Nc3 Nf6 3. g3 d5 4. cxd5 Nxd5 5. Bg2 Nc6 6. e3 Nb6 7. Nge2 Nb4 8. d4 exd4 9. exd4 c6 10. 0-0 Be7 11. Re1 0-0 12. Nf4 Bf6 13. a3 Na6 14. Be3 Nc4 15. Ne4 Bf5 16. Qb3 Nxe3 17. Nxf6+ Qxf6 18. fxe3 Rab8 19. e4 Qxd4+ 20. Kh1 Nc5 21. Qc2 Be6 22. Rad1 Qe5 23. b4 Nd7 24. Nd3 Qg5 25. Qf2 a6 26. Nf4 Qe7 27. e5 Bg4 28. Rd4 Nxe5 29. Qe3 f6 30. Nd3 Bf5 31. Be4 Bxe4+ 32. Rxe4 Rbe8 33. Qb6 Qd7 34. Nc5 Qd5 35. Kg1 Nf3+ 0-1